000
00340 a2200157 4500
001
183505
020
_a
85-7180-165-7
040
_c
Magnum
100
_a
Hernandez, Jose
240
1
0
_a
Martin Fierro
_l
por
245
1
0
_a
Martin Fierro
300
_a
28
362
0
_a
1992
697
_a
LITERATURA INFANTO-JUVENIL ESTRANGEIRA
942
_c
BK
999
_c
183505
_d
183505